| 000 | 00426nam a22001697a 4500 | ||
|---|---|---|---|
| 003 | OSt | ||
| 005 | 20210929163358.0 | ||
| 008 | 210929b |||||||| |||| 00| 0 eng d | ||
| 020 | _a0 571 11368 3 | ||
| 040 | _cHawassa university | ||
| 050 |
_a581/HOW _b5 |
||
| 082 |
_a581/HOW _b5 |
||
| 100 |
_aHowes f.n _98356 |
||
| 245 | _aPlants and beekeeping | ||
| 260 |
_aLondon & boston _bFaber and boston _c1979 |
||
| 942 |
_2ddc _cBOOKS _n0 |
||
| 999 |
_c7749 _d7749 |
||